Catálogo

COMUNION Y LIBERACION : (Registro nro. 37014)

Detalles MARC
000 -LEADER
fixed length control field 00428nam a2200157 a 4500
001 - CONTROL NUMBER
control field 37014
005 - DATE AND TIME OF LATEST TRANSACTION
control field 20180714005811.0
008 - FIXED-LENGTH DATA ELEMENTS--GENERAL INFORMATION
fixed length control field 140415s2003 sp 000 0 spa d
041 ## - LANGUAGE CODE
Language code of text/sound track or separate title spa
082 ## - DEWEY DECIMAL CLASSIFICATION NUMBER
Classification number 248.89
Item number COM
245 00 - TITLE STATEMENT
Title COMUNION Y LIBERACION :
Remainder of title UN MOVIMIENTO EN LA IGLESIA
250 ## - EDITION STATEMENT
Edition statement 1a ed.
260 ## - PUBLICATION, DISTRIBUTION, ETC.
Place of publication, distribution, etc. ESPAÑA :
Name of publisher, distributor, etc. EDICIONES ENCUENTRO,
Date of publication, distribution, etc. 2003, 1990
300 ## - PHYSICAL DESCRIPTION
Extent 128
650 14 - SUBJECT ADDED ENTRY--TOPICAL TERM
Topical term or geographic name entry element IGLESIA
General subdivision GRUPOS
Existencias
Withdrawn status Lost status Source of classification or shelving scheme Damaged status Not for loan Collection code Home library Current library Shelving location Date acquired Source of acquisition Inventory number Total Checkouts Full call number Barcode Date last seen Price effective from Koha item type
    Dewey Decimal Classification     General Biblioteca Karol Wojtyla Biblioteca Karol Wojtyla Sala general 03/12/2013 Compra 151000000000000000056597   248.89 COM 55687 05/01/2026 03/12/2013 Libro